00907 a2200217 4500001000500000005001700005008004100022003001500063040004000078080007900118245004600197020002200243250001200265264003400277300001900311505016000330100002600490700002900516700002200545856012200567195020260407155421.0260407a2006 arg spa dAR-UNSa-BCEJYS aAR-UNSa-BCEJYSbspacAR-UNSa-BCEJYS a336.226.3xImpuestos por el uso de los ingresos. Impuestos al consumo. IVA10aImpuesto al valor agregadopversión 1.5 a978-987-01-0500-8 a1a. ed. 1aBuenos Aires :bErreparc2006 a391 p.c27 cm. a1. Hecho imponible - 2. Exenciones - 3. Sujeto pasivo de la obligación tributaria - 4. Liquidación y pago - 5. Alícuotas - 6. Disposiciones generales1 aCerchiara, Claudia M.1 aCeldeiro, Ernesto Carlos1 aBelmonte, Luis G.41uhttps://biblioeco.unsa.edu.ar/pmb/images/libros/Impuesto al valor agregado-l116031.jpgyImagen de portadaqimage/jpeg